Statistics for A river runs through it! Which river runs through this city?

Click here to take the quiz!

General Stats

  • This quiz has been taken 97 times
  • The average score is 10 of 15

Answer Stats

HintAnswer% Correct
LondonThames
99%
ParisSeine
95%
BudapestDanube
94%
AlexandriaNile
91%
New YorkHudson
89%
New OrleansMississippi
84%
Ho Chi Minh CityMekong
80%
RomeTiber
79%
BrazzavilleCongo
75%
ShanghaiYangtze
74%
HamburgElbe
53%
FrankfurtMain
53%
GlasgowClyde
30%
SeoulHan
20%
BangkokChao Phraya
9%

Score Distribution

Percentile by Number Answered

Percent of People with Each Score

Your Score History

You have not taken this quiz